000 00787nam a22002537a 4500
003 UA-OsUOA
001 112481
007 ta
008 20150708b un ||||| |||| 00| 0 ukr d
100 _aКачараба С.
700 _aКомарницький Я.
090 _a94(477.83/86)(092)
_bК30
942 _cBK
040 _aUA-OsUOA
_bukr
_cUA-OsUOA
_dUA-OsUOA
245 _aВасиль Мудрий - громадський діяч, політик, публіцист
300 _a240 с.
955 _a1
041 _aukr
080 _a94(477.83/86)(092)
020 _a978-966-384-097-0
260 _aДрогобич
_bРВВ ДДПУ ім. Івана Франка
_c2009
650 7 _a9 Географія. Біографії. Історія
_2UDC
999 _c398537
_d398537